000 00387nam a22001577a 4500
003 MPLRDC
005 20220104123958.0
008 210129b ||||| |||| 00| 0 eng d
082 _a417.34 LG
100 _a雷鼓出版社编辑部
245 _a怀孕的医学常识
_c
260 _a
_b雷鼓出版社
_c1990
300 _b
650 _a妊娠、产前
942 _cBK
_o417.34 LG
999 _c15694
_d15684